000 00723nam a2200265 4500
001 1962
010 _a9789895761296
021 _aPT
_b536250/24
090 _a1962
100 _a20250811d2024 km|y0pory5003 ba
101 _apor
102 _aPT
200 _aO fim das políticas de raça
_fJohan Norberg
_eargumentos para uma América daltónica
205 _a1ª edição
210 _aLisboa
_cGuerra e Paz
_d2024
215 _a207 p.
_d23 cm
300 _aBMB-Registado
606 _92813
_aRacismo
606 _92814
_aRaças humanas
606 _92815
_aPolíticas de Raças
675 _a316.347
_vBMB
_zpor
700 _aHughes
_bColeman
_92816
701 _92817
_aSantos
_bPedro M.
801 _aPT
_bBMB
_gRPC
990 _cLIVROS